000 00723nam a2200289Ia 4500
005 20260324144433.0
008 008 260324s9999 xx 000 0 eng d
020 _a9780429199950
037 _aEBOOK
040 _aCRL
040 _beng
040 _cCRL
041 _2eng
041 _aeng
084 _qCRL
100 _aWalter Hawesworth; Susan Brock
_91219316
245 0 _aWalter Hawkesworth's Labyrinthus
245 3 _bAn Edition with a Translation and Commentary Volume II
260 _bTaylor and Francis
260 _c1988
365 _a
365 _b170
856 _uhttp://www.taylorfrancis.com/books/9780429199950
942 _cEBOOK
999 _c1825930
_d1825930